000
00344pab a2200157 454500
008
180718b2010 xxu||||| |||| 00| 0 eng d
100
_a
Reddy, C.P.
245
_a
Watershed management programmes
260
_c
2010
300
_a
p.41-44.
362
_a
Jan
650
_a
Watersheds
773
_a
Kurukshetra
908
_a
N
909
_a
85240
999
_c
85240
_d
85240